| 000 | 01801cam a2200217 4500500 | ||
|---|---|---|---|
| 005 | 20251228060535.0 | ||
| 041 | _afre | ||
| 042 | _adc | ||
| 100 | 1 | 0 |
_aRyfman, Philippe _eauthor |
| 245 | 0 | 0 | _aL'action humanitaire non gouvernementale : une diplomatie alternative ? |
| 260 | _c2010. | ||
| 500 | _a16 | ||
| 520 | _aLa progressive structuration en réseaux internationaux des acteurs humanitaires (ONG, Mouvement Croix-Rouge/Croissant-Rouge) a renforcé leur visibilité dans le champ diplomatique. Leur expertise du terrain et de l’assistance, nécessaire à bien des discussions internationales, étend aujourd’hui leur rôle à la médiation des conflits et au lobbying auprès des gouvernements pour promouvoir une certaine idée du droit. Elle leur confère un pouvoir de « diplomatie alternative ». politique étrangère | ||
| 520 | _aPhilippe Ryfman, Non-Governmental Humanitarian Aid: an Alternative Diplomacy? The progressive structuring of international networks of humanitarian organizations (NGOs, international public organizations or foundations, etc.) has reinforced their visibility in the area of diplomacy. Their grass-roots expertise and experience in assistance, which are necessary to many international discussions, have stretched their mediation role in conflicts and government lobbying to promote a certain notion of law. Despite several persistent criticisms, this has given power to an “alternative diplomacy”. | ||
| 690 | _aDiplomatie | ||
| 690 | _aDroit international | ||
| 690 | _aHumanitaire | ||
| 690 | _aOrganisations non gouvernementales | ||
| 786 | 0 | _nPolitique étrangère | Autome | 3 | 2010-09-24 | p. 565-578 | 0032-342X | |
| 856 | 4 | 1 | _uhttps://shs.cairn.info/revue-politique-etrangere-2010-3-page-565?lang=fr&redirect-ssocas=7080 |
| 999 |
_c1587204 _d1587204 |
||